Memòria /
Descripción Física:
Volums : il·lustracions ; 30 cm
Idioma:
Catalán
MARC
| LEADER | 00000nam a2200000Ia 4500 | ||
|---|---|---|---|
| 001 | 22022, 12041, 20499, 12691, 14497, 14715, 22253, 19145, 17676, 20772 | ||
| 003 | Arxiu | ||
| 005 | 20260324181509.0 | ||
| 008 | 160829c1997 spca xx s cat c | ||
| 040 | |a AGDB | ||
| 080 | |a FU-53-1, FU-28-17, FU-12-60, FU-29-3, FU-22-26, FU-25-27, FU-54-2, FU-44-30, FU-13-53, FU-14-59 | ||
| 110 | 2 | |a Parc d'Olèrdola (Catalunya) |9 13549 | |
| 245 | 1 | 0 | |a Memòria / |c Parc d'Olèrdola |
| 260 | |a Barcelona : |b Diputació de Barcelona. Xarxa de Parcs Naturals, |c 1997- | ||
| 300 | |a Volums : |b il·lustracions ; |c 30 cm | ||
| 590 | |a En l'edició de 2001 hi ha un disquet. | ||
| 590 | |a Anteriorment: Memòria anual / Parc Comarcal d'Olèrdola. | ||
| 590 | |a La memòria de 2008 es troba al R. 22645 | ||
| 610 | 2 | 0 | |9 13549 |a Parc d'Olèrdola (Catalunya) |
| 610 | 2 | 0 | |9 55837 |a Parc d'Olèrdola (Catalunya) |v Revistes |
| 650 | |a Parc d'Olèrdola | ||
| 710 | 1 | |a Barcelona (Catalunya : Província). |b Xarxa de Parcs Naturals |9 7250 | |
| 785 | 0 | 0 | |t Memòria / Parc del Garraf i Parc d'Olèrdola |
| 866 | |a 1996 | ||
| 866 | |a 1997 | ||
| 866 | |a 1998 | ||
| 866 | |a 1999 | ||
| 866 | |a 2000 | ||
| 866 | |a 2001 | ||
| 866 | |a 2002 | ||
| 866 | |a 2003 | ||
| 866 | |a 2005 | ||
| 866 | |a 2007 | ||
| 901 | |a Arxiu | ||
| 942 | |n 1 |2 udc |c ARXIU | ||
| 952 | |0 0 |1 0 |4 0 |6 FU542 |7 1 |9 49200 |a Arxiu |b Arxiu |d 2016-12-01 |h 2002 |o FU-54-2 |r 2016-12-01 00:00:00 |w 2016-12-01 |y ARXIU | ||
| 952 | |0 0 |1 0 |4 0 |6 FU1353 |7 1 |9 65443 |a Arxiu |b Arxiu |d 2023-03-02 |h 2005 |l 0 |o FU-13-53 |p 17676 |r 2023-03-02 00:00:00 |w 2023-03-02 |y ARXIU | ||
| 952 | |0 0 |1 0 |4 0 |6 FU531 |7 1 |9 65616 |a Arxiu |b Arxiu |d 2023-03-14 |h 1996 |l 0 |o FU-53-1 |p 22022 |r 2023-03-14 00:00:00 |w 2023-03-14 |y ARXIU | ||
| 952 | |0 0 |1 0 |4 0 |6 FU1459 |7 1 |9 65699 |a Arxiu |b Arxiu |d 2023-03-21 |h 2007 |l 0 |o FU-14-59 |p 20772 |r 2023-03-21 00:00:00 |w 2023-03-21 |y ARXIU | ||
| 952 | |0 0 |1 0 |4 0 |6 FU1260 |7 1 |9 65736 |a Arxiu |b Arxiu |d 2023-03-22 |h 1998 |l 0 |o FU-12-60 |p 20499 |r 2023-03-22 00:00:00 |w 2023-03-22 |y ARXIU | ||
| 952 | |0 0 |1 0 |4 0 |6 FU2226 |7 1 |9 65792 |a Arxiu |b Arxiu |d 2023-03-23 |h 2000 |l 0 |o FU-22-26 |p 14497 |r 2023-03-23 00:00:00 |w 2023-03-23 |y ARXIU | ||
| 952 | |0 0 |1 0 |4 0 |6 FU2527 |7 1 |9 65833 |a Arxiu |b Arxiu |d 2023-03-28 |h 2001 |l 0 |o FU-25-27 |p 14715 |r 2023-03-28 00:00:00 |w 2023-03-28 |y ARXIU | ||
| 952 | |0 0 |1 0 |4 0 |7 1 |9 65851 |a Arxiu |b Arxiu |d 2023-03-29 |h 1997 |o FU-28-17 |p 12041 |r 2023-03-29 00:00:00 |w 2023-03-29 |y ARXIU | ||
| 952 | |0 0 |1 0 |4 0 |6 FU293 |7 1 |9 65853 |a Arxiu |b Arxiu |d 2023-03-29 |h 1999 |l 0 |o FU-29-3 |p 12691 |r 2023-03-29 00:00:00 |w 2023-03-29 |y ARXIU | ||
| 952 | |0 0 |1 0 |4 0 |6 FU4430 |7 1 |9 65997 |a Arxiu |b Arxiu |d 2023-04-05 |h 2003 |l 0 |o FU-44-30 |p 19145 |r 2023-04-05 00:00:00 |w 2023-04-05 |y ARXIU | ||
| 999 | |c 53040 |d 53040 | ||